000 00249nam a22001097a 4500
008 131217t xxu||||| |||| 00| 0 eng d
020 _a0-00-617116-8
100 _aAgatha Christie
_9439
245 _aPartners in Crime
300 _a340
942 _2ddc
_cBK
999 _c16710
_d16710